000 00464nam a2200181Ia 4500
005 20250508150917.0
008 008 250505s9999 xx 000 0 eng d
037 _aTextual
040 _aFEDL
_beng
_cFEDL
041 _aeng
_2eng
084 _aB, EIN
_qFEDL
100 _aEinstein Albert
245 0 _aWorld as i see it
260 _aLondon, UK
_bWatts and Company
_c1949
300 _a112p.
942 _cTEXL
_hB, EIN
999 _c1326419
_d1326419